000 00457nam a2200181Ia 4500
003 GCL
008 140319s9999 xx 000 0 eng d
040 _aGCL /
_cGCL
082 0 4 _a191
_bT D
100 1 _aTILES, J. E.
245 1 0 _aDEWEY /
_cTILES, J. E.
260 _a[S.N] :
_bROUTLEDGE ،
_c1988
300 _a261 P
490 _aTHE ARGUMENTS OF PHILLOSPHER
_v0
650 0 4 _aPHILOSOPHERS
650 0 4 _aDEWEY, JOHN, (1859 - 1952)
942 _2ddc
_cBK
999 _c20800
_d20800